00395nam a2200169Ia 4500008004100000020001800041245003400059245001600093260001500109260001600124260000900140300001400149300002500163300001000188500000800198999001900206170705s9999 xx 000 0 und d a9780439800129 4aThe pigeon finds a hot dog! / cMo Willems. aNew York : bScholastic, c2004 aunpaged : bcolor illustration ; c23cm. a300 c336043d336043